000 00345 a2200169 4500
001 74490
020 _a
040 _cAnchieta - Colégio São Paulo
100 _aSirkis, Alfredo
240 1 0 _aOs Carbonários
_lpor
245 1 0 _aOs Carbonários
300 _a377
362 0 _a1983
440 1 _aGlobal
650 4 _aBrasil
942 _cBK
999 _c74490
_d74490